Logo BPK

Biblioteka

Politechniki Koszalińskiej

La parure / (Rekord nr 50740)

Szczegóły MARC
000 -ETYKIETA REKORDU
podpole kontrolne o stałej długości 00544nam a2200205 i 4500
001 - NUMER KONTROLNY REKORDU
pole kontrolne bgj
040 ## - ŹRÓDŁO KATALOGOWANIA
Instytucja, która utworzyła rekord BPK
041 0# - KOD JĘZYKA
Kod języka tekstu fre
008 - POLE O STAŁEJ DŁUGOŚCI - DANE KONTROLNE
podpole kontrolne o stałej długości s gw f |000 0 fre
100 1# - NAZWA OSOBOWA
Nazwa osobowa MAUPASSANT, Guy
Dopowiedzenie (de ;
Daty związane z nazwą 1850-1893)
245 10 - TYTUŁ/ODPOWIEDZIALNOŚĆ
Tytuł La parure /
Pozostałe elementy strefy tytułu i oznaczenia odpowiedzialności Guy de Maupassant.
260 ## - STREFA ADRESU WYDAWNICZEGO
Miejsce wydania Bielefeld :
Nazwa wydawcy/dystrybutora Verlag von Vehagen & Klasing.
300 ## - STREFA OPISU FIZYCZNEGO
Objętość 22 S. ;
Rozmiary 19 cm.
490 1# - STREFA SERII I DOKUMENTU WIELOCZĘŚCIOWEGO - FORMA NIE DO WYSZUKIWANIA
Tytuł i oznaczenie odpowiedzialności serii Neusprachliche Lesebogen ;
Numeracja w obrębie serii 21
650 #9 - HASŁO PRZEDMIOTOWE W FORMIE NAZWY OGÓLNEJ LUB JEDNOSTKOWEJ
Nazwa ogólna lub geograficzna Necklaces
651 #9 - HASŁO PRZEDMIOTOWE W FORMIE NAZWY GEOGRAFICZNEJ
Nazwa geograficzna Paris (France)
655 ## - TERMIN INDEKSOWY - OKREŚLENIE RODZAJU/FORMY DOKUMENTU
Określenie rodzaju/formy dokumentu Fiction
830 ## - HASŁO DODATKOWE SERII LUB DOKUMENTU WIELOCZĘŚCIOWEGO - TYTUŁ UJEDNOLICONY
Tytuł ujednolicony Neusprachliche Lesebogen ;
856 ## - LOKALIZACJA I DOSTĘP DO ELEKTRONICZNYCH DOKUMENTÓW ZDALNYCH
Link (URL) http://koha.tu.koszalin.pl/cgi-bin/koha/opac-detail.pl?biblionumber=50740
Tekst linku Katalog online BPK
942 ## - DODATKOWE ELEMENTY (KOHA)
Typ dokumentu Książka
Egzemplarze
Wycofany Status egzemplarza Uszkodzony Dostępność Lokalizacja stała Lokalizacja bieżąca Miejsce przechowywania Sygnatura Kod kreskowy Typ dokumentu
      Dostępny Biblioteka Politechniki Koszalińskiej Biblioteka Politechniki Koszalińskiej Wypożyczalnia Językowa N 902 01581041 Książka
© 2023 Biblioteka Politechniki Koszalińskiej :: KOHA